000
00326nam a2200145Ia 4500
100
_a
Khan/M.Y/ Jain/P.K
250
_a
4
942
_c
BK
366
_f
15
654
_a
management
245
_a
Management Accounting:Text
260
_b
Tata Mc Graw hill
_a
New Delhi
_c
2007
082
_a
658.1511/KHA
_b
KHA
546
_a
ENGLISH
999
_c
30526
_d
30526